Separát štatistickej ročenky školstva SR 2002 stredné odborné školy, konzervatóriá, gymnáziá

Gespeichert in:
Bibliographische Detailangaben
Format: Buch
Sprache:Slowakisch
Veröffentlicht: Bratislava Ústav informácií a prognóz školstva 2002
Schlagworte:
Tags: Tag hinzufügen
Keine Tags, Fügen Sie das erste Tag hinzu!

MARC

LEADER 00000nam$a2200000$$$4500
001 0024898
005 20251218075652.0
041 0 |a slo 
044 |a SK 
245 1 0 |a Separát štatistickej ročenky školstva SR 2002  |b stredné odborné školy, konzervatóriá, gymnáziá 
264 1 |a Bratislava  |b Ústav informácií a prognóz školstva  |c 2002 
300 |a 216 s. 
610 2 0 |a Slovensko 
610 2 0 |a školstvo 
610 2 0 |a školy stredné odborné 
610 2 0 |a školy stredné 
610 2 0 |a gymnáziá